000 01180cam a2200325 a 4500
001 565
005 20231211152605.0
020 _a0060730242 (trade)
020 _a0060730250 (lib. bdg.)
040 _aDLC
_cDLC
_dDLC
050 0 0 _aPZ7.H19816
_bId 2004
082 0 0 _a[Fic]
_222
100 1 _aHannigan, Katherine.
245 1 0 _aIda B :
_b--and her plans to maximize fun, avoid disaster, and (possibly) save the world /
_cKatherine Hannigan.
250 _a1st ed.
260 _aNew York :
_bGreenwillow Books,
_c2004.
300 _a246 pages ;
_c19 cm.
505 _aU
520 _aIn Wisconsin, fourth-grader Ida B spends happy hours being home-schooled and playing in her family's apple orchard, until her mother begins treatment for breast cancer and her parents must sell part of the orchard and send her to public school.
521 _a970
_bLexile
521 _aU
_bRaz-Plus
650 1 _aFamily life
_zWisconsin
_vFiction.
650 1 _aSchools
_vFiction.
650 1 _aNature
_vFiction.
650 1 _aSick
_vFiction.
650 1 _aCancer
_vFiction.
650 1 _aOrchards
_vFiction.
906 _a7
_bcbc
_corignew
_d1
_eecip
_f20
_gy-gencatlg
942 _2ddc
_cBK
_n0
999 _c565
_d565